LEADER 00560nas a2200157 i 4500 001 000000031015 003 CaOOAMICUS 005 20180830125449.0 008 180830s1967 it uu u0 0ita r 040 $aSeMil$bita 245 10$aQuaderno di Presenza Pastorale. 260 $aRoma :$bColombo,$c1967. 300 $av. ;$c23 cm. 772 0 $tPresenza pastorale.$dRoma : Associazione Azione Cattolica Italiana $x0032-7727$w()2629 996 $6245$aQuaderno di Presenza Pastorale$9(OLS)http://semarc/title/42214 996 $6260$aRoma :$bColombo$9(OLS)http://semarc/publisher/35948 LEADER 01240nam a2200277 i 4500 001 000000123303 003 CaOOAMICUS 005 20040220000000.0 008 040220s1976 it u000 u ita u 013 $a95999 040 $aSeMil$bita 100 1 $aHill, Christopher <1912-2003>.$0(OLS)http://semarc/name/31862 240 10$aIntellectual Origins of the English Revolution.$0(OLS)http://semarc/title/181390 245 13$aLe origini intellettuali della Rivoluzione inglese /$cChristopher Hill. 260 $aBologna :$bIl Mulino,$ccopyr. 1976. 300 $a455 p. ;$c22 cm. 490 0 $aNuova collana storica 500 $aContiene : Appendice: Nota sulle università ; Indice dei nomi. 650 4$aInghilterra - Diritto.$0(OLS)http://semarc/subject/10634 650 4$aInghilterra - Storia.$0(OLS)http://semarc/subject/960 830 0$aNuova collana storica.$0(OLS)http://semarc/title/6885 850 $aSeMil 852 $aSeMil$W1$xVenegono$y1$m3U VI 291$j78044$B78044$CSeMilBibl$Z2$F80269 $81 961 $aRecupero: Biblioteca Seminario Liceale 996 $6245$aLe origini intellettuali della Rivoluzione inglese$9(OLS)http://semarc/title/181389 996 $6260$aBologna :$bIl Mulino$9(OLS)http://semarc/publisher/29842